Statistics for The Last Shadow Puppets Studio Album Discography

Click here to take the quiz!

General Stats

  • This quiz has been taken 10 times
  • The average score is 15 of 25

Answer Stats

HintAnswer% Correct
1.Aviation
100%
4.Everything You've Come to Expect
90%
Album #2Everything You've Come to Expect
90%
2.Miracle Aligner
90%
7.Sweet Dreams, TN
90%
6.Bad Habits
80%
7.My Mistakes Were Made for You
80%
11.The Dream Synopsis
80%
3.Dracula Teeth
70%
10.Pattern
70%
1.The Age of the Understatement
70%
Album #1The Age of the Understatement
70%
2.Standing Next to Me
60%
5.The Chamber
60%
3.Calm Like You
50%
11.Meeting Place
50%
9.She Does the Woods
50%
5.The Element of Surprise
50%
8.Used to Be My Girl
50%
8.Black Plant
40%
12.Time Has Come Again
40%
10.In My Room
30%
4.Separate and Ever Deadly
30%
9.I Don't Like You Anymore
20%
6.Only the Truth
20%

Score Distribution

Percentile by Number Answered

Percent of People with Each Score

Your Score History

You have not taken this quiz